Holiday Quiz

Random Holiday or Clickable Quiz

All I Want for Christmas... Quiz Stats

Quiz Updated Dec 13, 2014

Challenge
Share
Tweet
Embed
Score 0/18 Timer 05:00
4 Plays Today
% Correct
James Bond
91.6%
Robin Hood
90.9%
Christopher Columbus
89.3%
Abraham Lincoln
86.9%
Mrs. Claus
86.7%
Captain James T. Kirk
86.5%
Richard Nixon
85.6%
Count Dracula
85.1%
Benjamin Franklin
83.9%
% Correct
Darth Vader
83.9%
Dorothy Gale
82.4%
Mikhail Gorbachev
79.4%
Dr. Emmett Brown
77.5%
Alfred Nobel
73.8%
Nicolaus Copernicus
69.3%
Bartholomew M. Quint
61.4%
Charles Foster Kane
59.5%
J. Robert Oppenheimer
55.3%

You're not logged in!

Compare scores with friends on all Sporcle quizzes.
Sign Up with Email
OR
Log In

You Might Also Like...

Show Comments

Extras

Top Quizzes Today


Score Distribution

Your Account Isn't Verified!

In order to create a playlist on Sporcle, you need to verify the email address you used during registration. Go to your Sporcle Settings to finish the process.